000 00841nam a22002891 4500
001 4070013
003 ARRUPE
005 20221116132057.0
008 710514s1968 enk b 000 0 eng
010 _a 68124003
015 _aB68-16185
020 _a0225275457
028 _bArrupe
040 _aDLC
_cDLC
_dDLC
050 0 0 _aBT975
_b.K44
082 0 0 _a235/.4
100 1 _aKelly, Henry Ansgar,
_d1934-
_951851
245 1 0 _aTowards the death of Satan:
_bthe growth and decline of Christian demonology.
260 _aLondon,
_aDublin [etc.]
_bG. Chapman,
_c1968.
300 _avii, 137 p.
_c23 cm.
350 _a25/-
504 _aBibliographical footnotes.
650 0 _aDevil
_xHistory of doctrines.
_951852
650 0 _aDemonology.
_95771
906 _a7
_bcbc
_corignew
_du
_encip
_f19
_gy-gencatlg
942 _2lcc
_cMONOGRAPH
999 _c131524
_d131524